International bulletin (Record no. 111003)
[ view plain ]
| 000 -LEADER | |
|---|---|
| fixed length control field | 01021cad a22001935a 4500 |
| 001 - CONTROL NUMBER | |
| control field | L150876 |
| 008 - FIXED-LENGTH DATA ELEMENTS--GENERAL INFORMATION | |
| fixed length control field | 100908s2010 xxk 000 0 eng d |
| 035 ## - SYSTEM CONTROL NUMBER | |
| System control number | (Sirsi) u150876 |
| 041 0# - LANGUAGE CODE | |
| Language code of text/sound track or separate title | eng |
| 110 2# - MAIN ENTRY--CORPORATE NAME | |
| Corporate name or jurisdiction name as entry element | EC Harris |
| 9 (RLIN) | 4930 |
| 245 00 - TITLE STATEMENT | |
| Title | International bulletin |
| Remainder of title | Summer 2010, global downturn reduces contractors' profits and brings down tender prices |
| Medium | [electronic resource] |
| 260 ## - PUBLICATION, DISTRIBUTION, ETC. | |
| Place of publication, distribution, etc. | [S.l.] |
| Name of publisher, distributor, etc. | ECHarris |
| Date of publication, distribution, etc. | 2010 |
| 520 ## - SUMMARY, ETC. | |
| Summary, etc. | Europe is the most expensive place in the world in which to build and construction costs in Switzerland top the league with prices some 60% higher than the UK; summary for Europe, North America, Middle East and Asia Pacific; international cost comparison graph of over 50 countries; worldwide economic growth 2010-2011 of 38 countries. |
| 590 ## - LOCAL NOTE (RLIN) | |
| Local note | KA NTK |
| 651 #4 - SUBJECT ADDED ENTRY--GEOGRAPHIC NAME | |
| Geographic name | International |
| 690 ## - LOCAL SUBJECT ADDED ENTRY--TOPICAL TERM (OCLC, RLIN) | |
| Topical term or geographic name as entry element | BUILT ENVIRONMENT-CONSTRUCTION MARKET |
| 856 40 - ELECTRONIC LOCATION AND ACCESS | |
| Uniform Resource Identifier | <a href="https://www.echarris.com/pdf/7654_Internation%20Bulletin_newfromandy.pdf">https://www.echarris.com/pdf/7654_Internation%20Bulletin_newfromandy.pdf</a> |
| Public note | View the item free of charge at www.echarris.com |
| 942 ## - ADDED ENTRY ELEMENTS (KOHA) | |
| Suppress in OPAC | 0 |
| Withdrawn status | Lost status | Source of classification or shelving scheme | Damaged status | Not for loan | Home library | Current library | Shelving location | Date acquired | Total Checkouts | Full call number | Barcode | Date last seen | Copy number | Price effective from | Koha item type |
|---|---|---|---|---|---|---|---|---|---|---|---|---|---|---|---|
| Dewey Decimal Classification | Virtual | Virtual | Online | 08/09/2010 | ONLINE PUBLICATION | 150876-2001 | 06/08/2019 | 1 | 06/08/2019 | Book |